| 000 | 01000cam a2200301 i 4500 | ||
|---|---|---|---|
| 001 | 816495 | ||
| 003 | 0-471-98440-X | ||
| 005 | 20211027152104.0 | ||
| 008 | 760302m19761977nyua b 001 0 eng | ||
| 010 | _a 76006855 | ||
| 020 | _a047198440X (v. 1) | ||
| 038 | _akhadija | ||
| 040 |
_aDLC _cDLC _dDLC |
||
| 050 | 0 | 0 |
_aQC168 _b.Z8 1976 |
| 082 | 0 | 0 | _a533.2 ZUC |
| 100 | 1 |
_aZucrow, Maurice J. _qHoffman j. Joe _d1899- _981261 |
|
| 245 | 1 | 0 |
_aGas Dynamics \ _cMaurice J. Zucrow, Joe D. Hoffman. |
| 260 |
_aNew York : _bWiley, _cc1976-1977. |
||
| 300 |
_a2 v. : _bill. ; _c26 cm. |
||
| 500 | _apaperback. | ||
| 504 | _aIncludes bibliographical references and index. | ||
| 563 | _apaper back | ||
| 650 | 0 |
_aGas dynamics. _957342 |
|
| 700 | 1 |
_aHoffman, Joe D., _d1934- _ejoint author. _981262 |
|
| 856 | 4 |
_3Table of Contents _uhttp://www.loc.gov/catdir/toc/onix04/76006855.html |
|
| 906 |
_a7 _bcbc _corignew _d1 _eocip _f19 _gy-gencatlg |
||
| 942 |
_2ddc _cBK _h533.2 ZUC _i6 |
||
| 999 |
_c31497 _d31497 |
||